[Event "GER-chT U20"]
[Site "Naumburg Saale"]
[Date "2014.12.29"]
[Round "5.5"]
[White "Hinrichs, Jan"]
[Black "Lebeda, Timo"]
[Result "0-1"]
[WhiteElo "2178"]
[BlackElo "2097"]
[PlyCount "86"]
[EventDate "2014.12.27"]
[EventType "team-swiss"]
[EventRounds "7"]
[EventCountry "GER"]
[SourceTitle "EXT 2016"]
[Source "ChessBase"]
[SourceDate "2015.10.08"]
[SourceVersion "1"]
[SourceVersionDate "2015.10.08"]
[SourceQuality "1"]
[WhiteTeam "Hamburger SK"]
[BlackTeam "Bebenhausen"]
[WhiteTeamCountry "GER"]
[BlackTeamCountry "GER"]

1. d4 d5 2. c4 c6 3. Nf3 Nf6 4. Nc3 Bf5 5. g3 e6 6. Nh4 Bg6 7. Bg2 Be7 8. Qb3 Qb6 9. Nxg6 hxg6 10. Bd2 Nbd7 11. 0-0-0 Qxd4 12. Qxb7 0-0 13. Be3 Qxc4 14. Rd4 Qc5 15. Rxd5 Qb4 16. Rxd7 Nxd7 17. Qxd7 Rfd8 18. a3 Qb3 19. Qxe7 Rab8 20. Na4 Qxa4 21. Qc5 Qb3 22. Qc2 Qa2 23. Be4 Rb7 24. Bd3 Rdb8 25. Qb1 Rxb2 26. Qxa2 Rxa2 27. Bxa7 Rb7 28. Bd4 c5 29. Bc3 Rb3 30. Be5 f6 31. Bc4 fxe5 32. Bxe6+ Kf8 33. Bxb3 Ra1+ 34. Kd2 Rxh1 35. h4 Ke7 36. Kd3 Kd6 37. Kc4 Rh2 38. a4 Rxf2 39. a5 Rxe2 40. a6 Re4+ 41. Kc3 Re3+ 42. Kb2 Kc6 43. Bd5+ Kb6 0-1

[Event "GER-chT U20"]
[Site "Naumburg Saale"]
[Date "2014.12.28"]
[Round "3.5"]
[White "Eigemann, Julian"]
[Black "Lebeda, Timo"]
[Result "1-0"]
[WhiteElo "1927"]
[BlackElo "2097"]
[PlyCount "45"]
[EventDate "2014.12.27"]
[EventType "team-swiss"]
[EventRounds "7"]
[EventCountry "GER"]
[SourceTitle "EXT 2016"]
[Source "ChessBase"]
[SourceDate "2015.10.08"]
[SourceVersion "1"]
[SourceVersionDate "2015.10.08"]
[SourceQuality "1"]
[WhiteTeam "Porz SG"]
[BlackTeam "Bebenhausen"]
[WhiteTeamCountry "GER"]
[BlackTeamCountry "GER"]

1. Nc3 d5 2. e4 d4 3. Nce2 Nf6 4. Ng3 h5 5. e5 h4 6. exf6 hxg3 7. fxg3 exf6 8. Bc4 Nc6 9. Qe2+ Ne5 10. Nf3 Bg4 11. Bxf7+ Kxf7 12. Nxe5+ fxe5 13. 0-0+ Kg8 14. Qxg4 d3 15. Qe6+ Kh7 16. Qxe5 b6 17. Qh5+ Kg8 18. Qf7+ Kh7 19. Rf5 Qd4+ 20. Kh1 Qg4 21. Rh5+ Qxh5 22. Qxh5+ Kg8 23. Qd5+ 1-0

[Event "GER-chT U20"]
[Site "Osnabrueck"]
[Date "2013.12.29"]
[Round "5.6"]
[White "Lebeda, Timo"]
[Black "Merker, Konstantin"]
[Result "1-0"]
[WhiteElo "2092"]
[BlackElo "1727"]
[PlyCount "101"]
[EventDate "2013.12.27"]
[EventType "team-swiss"]
[EventRounds "7"]
[EventCountry "GER"]
[SourceTitle "EXT 2015"]
[Source "ChessBase"]
[SourceDate "2014.11.20"]
[SourceVersion "1"]
[SourceVersionDate "2014.11.20"]
[SourceQuality "1"]
[WhiteTeam "Bebenhausen"]
[BlackTeam "Coswig"]
[WhiteTeamCountry "GER"]
[BlackTeamCountry "GER"]

1. c4 c6 2. Nf3 Nf6 3. g3 d5 4. d4 Bg4 5. Bg2 e6 6. 0-0 Nbd7 7. Qb3 Qb6 8. c5 Qa6 9. Nc3 b6 10. cxb6 Qxb6 11. Bf4 c5 12. Nb5 Rc8 13. Rfc1 c4 14. Nd6+ Bxd6 15. Qxb6 axb6 16. Bxd6 Ne4 17. Bb4 b5 18. a4 bxa4 19. Rxa4 f5 20. Rca1 Bxf3 21. Bxf3 Nef6 22. Ra7 Kf7 23. R1a6 Rhe8 24. e3 Rb8 25. Ba3 Kg6 26. Bxd5 exd5 27. Rxd7 Ra8 28. Rda7 Rab8 29. Rd7 Ra8 30. Rdd6 Reb8 31. Kg2 Rxa6 32. Rxa6 Rb3 33. Kf3 Rd3 34. Be7 Rb3 35. Bxf6 gxf6 36. Ra2 h5 37. h4 Rb6 38. Ke2 Kf7 39. Kd2 Rb3 40. Kc2 Rb6 41. Ra7+ Kg6 42. Rd7 Rb5 43. Rc7 Rb6 44. Rc5 Rd6 45. Kc3 f4 46. gxf4 Kf5 47. f3 Ke6 48. e4 Rd7 49. Rxd5 Rxd5 50. exd5+ Kxd5 51. f5 1-0

[Event "GER-chT U20"]
[Site "Osnabrueck"]
[Date "2013.12.29"]
[Round "6.6"]
[White "Pfeifer, Yannick"]
[Black "Lebeda, Timo"]
[Result "0-1"]
[WhiteElo "1385"]
[BlackElo "2092"]
[PlyCount "49"]
[EventDate "2013.12.27"]
[EventType "team-swiss"]
[EventRounds "7"]
[EventCountry "GER"]
[SourceTitle "EXT 2015"]
[Source "ChessBase"]
[SourceDate "2014.11.20"]
[SourceVersion "1"]
[SourceVersionDate "2014.11.20"]
[SourceQuality "1"]
[WhiteTeam "Heidesheim"]
[BlackTeam "Bebenhausen"]
[WhiteTeamCountry "GER"]
[BlackTeamCountry "GER"]

1. e4 c5 2. Nf3 d6 3. d3 g6 4. g3 Bg7 5. Bg2 Nc6 6. 0-0 e5 7. Nc3 Nge7 8. Bd2 0-0 9. Qc1 Bg4 10. Bh6 f5 11. Bxg7 Kxg7 12. Ng5 f4 13. h3 Bd7 14. Nd5 Nd4 15. Qd1 Nxd5 16. exd5 Qxg5 17. c3 f3 18. cxd4 fxg2 19. Kxg2 exd4 20. Qb3 Qf5 21. g4 Qf3+ 22. Kh2 Bxg4 23. hxg4 Qxg4 24. Qxb7+ Kh6 25. Qe7 0-1

[Event "Oberliga Wuerttemberg 1213"]
[Site "Wuerttemberg"]
[Date "2013.03.24"]
[Round "8.4"]
[White "Lebeda, Timo"]
[Black "Engelhart, Achim"]
[Result "1-0"]
[WhiteElo "2102"]
[BlackElo "2091"]
[PlyCount "79"]
[EventDate "2012.09.30"]
[EventType "team-tourn"]
[EventRounds "9"]
[EventCountry "GER"]
[SourceTitle "EXT 2019"]
[Source "ChessBase"]
[SourceDate "2018.10.10"]
[SourceVersion "1"]
[SourceVersionDate "2018.10.10"]
[SourceQuality "1"]
[WhiteTeam "Bebenhausen II"]
[BlackTeam "Ulm Post"]
[WhiteTeamCountry "GER"]
[BlackTeamCountry "GER"]

1. c4 c5 2. Nf3 Nc6 3. g3 e5 4. Nc3 g6 5. Bg2 Bg7 6. 0-0 Nge7 7. d3 0-0 8. Rb1 d6 9. a3 a5 10. Ne1 Be6 11. Nc2 d5 12. b4 cxb4 13. axb4 dxc4 14. b5 Nd4 15. Bxb7 Rb8 16. Bg2 Nxc2 17. Qxc2 cxd3 18. Qxd3 Qxd3 19. exd3 Rfd8 20. Rd1 Nd5 21. Nxd5 Bxd5 22. Bg5 Rd7 23. b6 Bf8 24. Rb5 Bxg2 25. Kxg2 e4 26. Bf4 Rbb7 27. d4 Be7 28. Rc1 Bd8 29. Rc6 f6 30. d5 Kf7 31. Be3 a4 32. Rc4 a3 33. Rxe4 Rd6 34. Ra4 Be7 35. Rxa3 Rxd5 36. Rxd5 Bxa3 37. Ra5 Be7 38. Ra7 Rb8 39. Bc5 Re8 40. Bxe7 1-0

[Event "GER-chT U20"]
[Site "Osnabrueck"]
[Date "2012.12.27"]
[Round "1.5"]
[White "Merker, Konstantin"]
[Black "Lebeda, Timo"]
[Result "0-1"]
[WhiteElo "1727"]
[BlackElo "2033"]
[PlyCount "58"]
[EventDate "2012.12.27"]
[EventType "team-swiss"]
[EventRounds "7"]
[EventCountry "GER"]
[SourceTitle "EXT 2014"]
[Source "ChessBase"]
[SourceDate "2013.11.20"]
[SourceVersion "1"]
[SourceVersionDate "2013.11.20"]
[SourceQuality "1"]
[WhiteTeam "Coswig 1920"]
[BlackTeam "Bebenhausen"]
[WhiteTeamCountry "GER"]
[BlackTeamCountry "GER"]

1. d4 d5 2. c4 c6 3. Nc3 Nf6 4. Bg5 a6 5. e3 b5 6. cxd5 cxd5 7. Bd3 e6 8. Nf3 h6 9. Bh4 Nc6 10. 0-0 Be7 11. Rc1 Na5 12. a3 0-0 13. e4 dxe4 14. Nxe4 Bb7 15. Nc5 Bxf3 16. Qxf3 Qxd4 17. Bxf6 gxf6 18. Rfd1 Bxc5 19. Bh7+ Kxh7 20. Rxd4 Bxd4 21. b4 Bb2 22. Rc5 Nc4 23. g4 Rad8 24. Rh5 Rg8 25. Qb7 Rxg4+ 26. Kf1 Nd2+ 27. Ke2 Re4+ 28. Kd1 Nc4+ 29. Kc2 Rd2+ 0-1

[Event "Karl Mala Memorial op 14th"]
[Site "Frankfurt"]
[Date "2011.07.09"]
[Round "5"]
[White "Jordake, Michael"]
[Black "Lebeda, Timo"]
[Result "0-1"]
[WhiteElo "1716"]
[BlackElo "2013"]
[PlyCount "122"]
[EventDate "2011.07.07"]
[EventType "swiss"]
[EventRounds "7"]
[EventCountry "GER"]
[SourceTitle "EXT 2012"]
[Source "ChessBase"]
[SourceDate "2011.11.24"]
[SourceVersion "1"]
[SourceVersionDate "2011.11.24"]
[SourceQuality "1"]

1. e4 c5 2. Nc3 d6 3. g3 g6 4. Bg2 Bg7 5. d3 Nf6 6. Nge2 Nc6 7. 0-0 0-0 8. Be3 Rb8 9. Rb1 Nd7 10. Qd2 Re8 11. f4 Nd4 12. Nd1 Nxe2+ 13. Qxe2 b5 14. c3 b4 15. Qd2 Ba6 16. Re1 Qa5 17. cxb4 Qxb4 18. Qxb4 Rxb4 19. Bf1 Ra4 20. a3 Rb8 21. Nc3 Bxc3 22. bxc3 Rxb1 23. Rxb1 Rxa3 24. Bd2 Nb6 25. Rb2 Kf8 26. f5 Ke8 27. fxg6 hxg6 28. Kf2 Bc8 29. d4 cxd4 30. cxd4 Ba6 31. Bh3 Bc4 32. Rb4 Kd8 33. d5 Kc7 34. Rb2 a5 35. Be3 Bb3 36. Bxb6+ Kxb6 37. Bd7 Kc5 38. Ke2 Kd4 39. Be8 f5 40. exf5 gxf5 41. Rd2+ Ke5 42. Bc6 Ra2 43. h4 Bc4+ 44. Ke3 Rxd2 45. Kxd2 Bxd5 46. Ba4 Bf3 47. Ke3 Bh5 48. Bc2 d5 49. Kd3 f4 50. gxf4+ Kxf4 51. Kd4 Bf3 52. h5 e5+ 53. Kc5 Kg5 54. Kb5 Bxh5 55. Kxa5 Kf4 56. Kb4 Ke3 57. Kc5 Bf3 58. Kd6 Kf4 59. Kc5 d4 60. Kc4 Ke3 61. Bg6 e4 0-1

[Event "Karl Mala Memorial op 14th"]
[Site "Frankfurt"]
[Date "2011.07.08"]
[Round "3"]
[White "Cattus, Nico"]
[Black "Lebeda, Timo"]
[Result "1/2-1/2"]
[WhiteElo "2201"]
[BlackElo "2013"]
[PlyCount "48"]
[EventDate "2011.07.07"]
[EventType "swiss"]
[EventRounds "7"]
[EventCountry "GER"]
[SourceTitle "EXT 2012"]
[Source "ChessBase"]
[SourceDate "2011.11.24"]
[SourceVersion "1"]
[SourceVersionDate "2011.11.24"]
[SourceQuality "1"]

1. d4 d5 2. Nf3 Nf6 3. e3 c6 4. Bd3 g6 5. Nbd2 Bg7 6. Ne5 0-0 7. 0-0 Nbd7 8. Nxd7 Nxd7 9. c3 c5 10. Qf3 cxd4 11. exd4 e5 12. Qxd5 exd4 13. cxd4 Nb6 14. Qxd8 Rxd8 15. Nb3 a5 16. Bf4 Nd5 17. Bg5 f6 18. Be3 Nxe3 19. fxe3 f5 20. Bc4+ Kh8 21. g3 b6 22. Rac1 Bb7 23. Kf2 Bh6 24. Rfe1 a4 1/2-1/2

[Event "Rhein Main op-A 14th"]
[Site "Bad Homburg"]
[Date "2011.06.24"]
[Round "4"]
[White "Schimmer, Michael"]
[Black "Lebeda, Timo"]
[Result "0-1"]
[WhiteElo "1923"]
[BlackElo "2023"]
[PlyCount "46"]
[EventDate "2011.06.22"]
[EventType "swiss"]
[EventRounds "7"]
[EventCountry "GER"]
[SourceTitle "EXT 2012"]
[Source "ChessBase"]
[SourceDate "2011.11.24"]
[SourceVersion "1"]
[SourceVersionDate "2011.11.24"]
[SourceQuality "1"]

1. e4 c5 2. Nf3 d6 3. d4 cxd4 4. Qxd4 Nc6 5. Bb5 Bd7 6. Bxc6 Bxc6 7. Nc3 Nf6 8. Bg5 e6 9. 0-0-0 Be7 10. Rhe1 0-0 11. Qd2 d5 12. e5 Nd7 13. h4 b5 14. Nd4 Bxg5 15. hxg5 Qb6 16. g6 fxg6 17. Nxe6 Rxf2 18. Qd3 Re8 19. Nxd5 Bxd5 20. Qxd5 Qxe6 21. Qxd7 Rxg2 22. Rf1 h5 23. Rf7 Qxf7 0-1

[Event "Rhein Main op-A 14th"]
[Site "Bad Homburg"]
[Date "2011.06.23"]
[Round "2"]
[White "Lebeda, Timo"]
[Black "Auschkalnis, Reinhard"]
[Result "1-0"]
[WhiteElo "2023"]
[BlackElo "1833"]
[PlyCount "59"]
[EventDate "2011.06.22"]
[EventType "swiss"]
[EventRounds "7"]
[EventCountry "GER"]
[SourceTitle "EXT 2012"]
[Source "ChessBase"]
[SourceDate "2011.11.24"]
[SourceVersion "1"]
[SourceVersionDate "2011.11.24"]
[SourceQuality "1"]

1. c4 e5 2. Nc3 Nc6 3. Nf3 Nf6 4. d4 exd4 5. Nxd4 Bb4 6. Bg5 h6 7. Bh4 g5 8. Bg3 Ne4 9. Nxc6 dxc6 10. Qxd8+ Kxd8 11. 0-0-0+ Ke7 12. Nxe4 f5 13. a3 fxe4 14. axb4 Be6 15. e3 a5 16. Bxc7 axb4 17. Bd6+ Kf7 18. Bxb4 Ra1+ 19. Kc2 Ra4 20. Bc3 Re8 21. Be2 Kg8 22. Ra1 Rea8 23. b3 Rxa1 24. Rxa1 Rd8 25. Ra7 Rd7 26. Ra8+ Kh7 27. Bh5 Bg8 28. f3 exf3 29. gxf3 b5 30. Bg4 1-0

[Event "Rhein Main op-A 14th"]
[Site "Bad Homburg"]
[Date "2011.06.22"]
[Round "1"]
[White "Gawehns, Klaus"]
[Black "Lebeda, Timo"]
[Result "1-0"]
[WhiteElo "2388"]
[BlackElo "2023"]
[PlyCount "75"]
[EventDate "2011.06.22"]
[EventType "swiss"]
[EventRounds "7"]
[EventCountry "GER"]
[SourceTitle "EXT 2012"]
[Source "ChessBase"]
[SourceDate "2011.11.24"]
[SourceVersion "1"]
[SourceVersionDate "2011.11.24"]
[SourceQuality "1"]

1. e4 c5 2. Nc3 d6 3. g3 g6 4. Bg2 Bg7 5. d3 Nc6 6. Be3 Nf6 7. h3 0-0 8. Nge2 Rb8 9. 0-0 b5 10. Qd2 b4 11. Nd1 Re8 12. Bh6 Bh8 13. f4 Bb7 14. Ne3 Qa5 15. Nc4 Qc7 16. Rae1 Nd7 17. c3 Ba6 18. Ne3 bxc3 19. bxc3 Qa5 20. Qc2 Rb6 21. e5 dxe5 22. f5 c4 23. dxc4 Qc5 24. Bd5 e6 25. fxe6 fxe6 26. Be4 Ne7 27. Qa4 Nc6 28. Nc1 Nf6 29. Nd3 Qd6 30. c5 Bb5 31. Qd1 Qd7 32. Rxf6 Bxf6 33. cxb6 axb6 34. a4 Ba6 35. Nb4 Qxd1 36. Rxd1 Nxb4 37. cxb4 b5 38. Bc6 1-0

[Event "Stuttgart op"]
[Site "Gerlingen"]
[Date "2011.06.03"]
[Round "5"]
[White "Krockenberger, Martin"]
[Black "Lebeda, Timo"]
[Result "1-0"]
[WhiteElo "2178"]
[BlackElo "2013"]
[PlyCount "119"]
[EventDate "2011.06.02"]
[EventType "swiss"]
[EventRounds "7"]
[EventCountry "GER"]
[SourceTitle "CBM 142 Extra"]
[Source "ChessBase"]
[SourceDate "2011.06.27"]
[SourceVersion "1"]
[SourceVersionDate "2011.06.27"]
[SourceQuality "1"]

1. c4 c6 2. g3 Nf6 3. Bg2 d5 4. Nf3 a6 5. 0-0 b5 6. b3 g6 7. Bb2 Bg7 8. d3 0-0 9. Nbd2 Bb7 10. Qc2 Nbd7 11. Bc3 Re8 12. d4 a5 13. Rac1 b4 14. Bb2 e6 15. Rfd1 Qe7 16. e4 dxe4 17. Nxe4 c5 18. Nxc5 Nxc5 19. dxc5 Ne4 20. Bxg7 Kxg7 21. Ne5 Nxc5 22. Bxb7 Qxb7 23. Qb2 f6 24. Qd4 Qc7 25. Nd7 Nxd7 26. Qxd7+ Re7 27. Qxc7 Rxc7 28. Rd6 Kf7 29. Rcd1 Ke7 30. Rb6 Rd7 31. Rxd7+ Kxd7 32. Kf1 f5 33. f4 h6 34. h4 g5 35. hxg5 hxg5 36. fxg5 a4 37. Rxb4 axb3 38. axb3 Rg8 39. Rb6 Rxg5 40. Kf2 Rg4 41. c5 e5 42. Rf6 f4 43. gxf4 exf4 44. Rd6+ Kc7 45. Rd4 Rg3 46. b4 Kc6 47. Rxf4 Rb3 48. Rf6+ Kd5 49. Rf4 Kc6 50. Rf6+ Kd5 51. Rb6 Rc3 52. Ke2 Rc4 53. Kd3 Rd4+ 54. Kc3 Rh4 55. Rd6+ Ke5 56. Rd1 Ke6 57. Kb3 Rh5 58. Kc4 Rh2 59. Kb5 Rh5 60. Kb6 1-0

[Event "Stuttgart-chA int"]
[Site "Gerlingen"]
[Date "2011.06.02"]
[Round "2"]
[White "Lebeda, Timo"]
[Black "Santos, Paulo J"]
[Result "1-0"]
[WhiteElo "2013"]
[BlackElo "1890"]
[PlyCount "107"]
[EventDate "2011.06.02"]
[EventType "swiss"]
[EventRounds "7"]
[EventCountry "GER"]
[SourceTitle "EXT 2018"]
[Source "ChessBase"]
[SourceDate "2017.10.13"]
[SourceVersion "1"]
[SourceVersionDate "2017.10.13"]
[SourceQuality "1"]

1. c4 Nf6 2. Nf3 g6 3. g3 Bg7 4. Bg2 0-0 5. 0-0 d5 6. d4 Nc6 7. cxd5 Nxd5 8. e3 Bg4 9. Bd2 e5 10. Qb3 Nb6 11. Nxe5 Nxe5 12. dxe5 Bxe5 13. Bb4 Re8 14. Bxb7 Rb8 15. Bc6 Be6 16. Qc2 Nd7 17. Bc3 Qf6 18. Nd2 Bxc3 19. Ne4 Qf3 20. Qxc3 Bh3 21. Ng5 Qf5 22. Nxh3 Qxh3 23. b3 Ne5 24. Bg2 Qd7 25. Rfd1 Qe7 26. Rac1 Rec8 27. Qc5 Qxc5 28. Rxc5 f6 29. Bh3 Rd8 30. Rxd8+ Rxd8 31. Rxc7 Rd1+ 32. Bf1 a5 33. Kg2 Rd2 34. a4 Rb2 35. Bc4+ Nxc4 36. Rxc4 Rxb3 37. Rc5 h5 38. Rxa5 Kg7 39. Ra7+ Kh6 40. a5 Ra3 41. a6 g5 42. Ra8 g4 43. h3 Ra1 44. a7 Kg7 45. e4 Kh7 46. Rf8 Rxa7 47. Rxf6 gxh3+ 48. Kxh3 Kg7 49. Rf5 Kg6 50. Kh4 Ra4 51. f3 Ra3 52. f4 Re3 53. Rg5+ Kf6 54. e5+ 1-0

[Event "GER-ch Net qual4 U18"]
[Site "Playchess.com INT"]
[Date "2011.05.11"]
[Round "1"]
[White "Bochert, Finn"]
[Black "Lebeda, Timo"]
[Result "1-0"]
[WhiteElo "1780"]
[BlackElo "2013"]
[PlyCount "81"]
[EventDate "2011.05.11"]
[EventType "swiss (blitz)"]
[EventRounds "7"]
[EventCountry "GER"]
[SourceTitle "CBM 142 Extra"]
[Source "ChessBase"]
[SourceDate "2011.06.27"]
[SourceVersion "1"]
[SourceVersionDate "2011.06.27"]
[SourceQuality "1"]

1. e3 c5 2. d4 cxd4 3. exd4 Nf6 4. c4 g6 5. Nc3 Bg7 6. Nf3 0-0 7. Be2 b6 8. 0-0 d5 9. Bf4 dxc4 10. Bxc4 Bb7 11. Re1 e6 12. Nb5 Nd5 13. Bxd5 Bxd5 14. Nc7 Nc6 15. Nxa8 Qxa8 16. Ne5 Nxe5 17. Bxe5 Bxe5 18. dxe5 Bxg2 19. Qg4 Bf3 20. Qg3 Qe4 21. Rxe4 Bxe4 22. Qe3 Bd5 23. b3 Rc8 24. Rc1 Rd8 25. Qc3 Kg7 26. Qc7 Ra8 27. Qd6 b5 28. Rc7 a5 29. Qe7 Rf8 30. Qf6+ Kg8 31. Rd7 a4 32. Rd8 axb3 33. Rxf8+ Kxf8 34. axb3 h5 35. b4 Bc4 36. Qd8+ Kg7 37. Kg2 Bd5+ 38. Kg3 Bc4 39. Kf4 Kh6 40. Qf6 Bd5 41. Qh8# 1-0

[Event "GER-ch Net qual4 U18"]
[Site "Playchess.com INT"]
[Date "2011.05.11"]
[Round "3"]
[White "Lebeda, Timo"]
[Black "Muth, Matthias Potisarath"]
[Result "1-0"]
[WhiteElo "2013"]
[BlackElo "1735"]
[PlyCount "83"]
[EventDate "2011.05.11"]
[EventType "swiss (blitz)"]
[EventRounds "7"]
[EventCountry "GER"]
[SourceTitle "CBM 142 Extra"]
[Source "ChessBase"]
[SourceDate "2011.06.27"]
[SourceVersion "1"]
[SourceVersionDate "2011.06.27"]
[SourceQuality "1"]

1. c4 e5 2. Nc3 Nf6 3. Nf3 Nc6 4. d4 exd4 5. Nxd4 Nxd4 6. Qxd4 c5 7. Qe5+ Qe7 8. Qxe7+ Bxe7 9. Bf4 0-0 10. Nb5 a6 11. Nc7 Ra7 12. e3 Nh5 13. Be5 f6 14. Bc3 b5 15. Nd5 Bd6 16. cxb5 axb5 17. Bxb5 Bb7 18. Bc4 Kh8 19. 0-0 f5 20. b4 Bxd5 21. Bxd5 cxb4 22. Bd4 Rc7 23. g3 Nf6 24. Bf3 h6 25. Rfd1 Be7 26. Be5 Rc5 27. Bd6 Bxd6 28. Rxd6 Rc2 29. Rb6 Ne4 30. Rxb4 Nxf2 31. Bg2 Ng4 32. a4 Nxe3 33. Bh3 Rfc8 34. a5 Nd5 35. Rd4 Nc3 36. Rxd7 Re8 37. a6 Ne2+ 38. Kf1 f4 39. a7 fxg3 40. a8Q Rxa8 41. Rxa8+ Kh7 42. Bf5# 1-0

[Event "Rhein Main op 13th"]
[Site "Bad Homburg"]
[Date "2010.06.04"]
[Round "4"]
[White "Lebeda, Timo"]
[Black "Schwenkreis, Thomas"]
[Result "1-0"]
[WhiteElo "2014"]
[BlackElo "2130"]
[PlyCount "111"]
[EventDate "2010.06.02"]
[EventType "swiss"]
[EventRounds "7"]
[EventCountry "GER"]
[SourceTitle "EXT 2011"]
[Source "ChessBase"]
[SourceDate "2010.11.26"]
[SourceVersion "1"]
[SourceVersionDate "2010.11.26"]
[SourceQuality "1"]

1. c4 Nf6 2. Nf3 d6 3. d4 Nbd7 4. g3 e5 5. dxe5 dxe5 6. Bg2 Be7 7. 0-0 0-0 8. Nc3 c6 9. a3 a5 10. Qc2 Qc7 11. Nh4 Nb6 12. b3 a4 13. b4 Nxc4 14. Nxa4 Nd6 15. Nc5 Nd5 16. Nb3 Qb6 17. e4 Nf6 18. Bb2 Nd7 19. Nf3 Qb5 20. Rfd1 f6 21. Bh3 Nb6 22. Bf1 Qa4 23. Rac1 Bg4 24. Qd3 Qa7 25. Nc5 Nb5 26. Qb3+ Kh8 27. Ne6 Bxe6 28. Qxe6 Rfe8 29. Bxb5 cxb5 30. Rc7 Bf8 31. Qf7 Rec8 32. Rxb7 Qa4 33. Rd6 Nc4 34. Rxf6 Nxb2 35. Rh6 Qd1+ 36. Kg2 Qc1 37. Rxh7+ Kxh7 38. Qf5+ Kg8 39. Ng5 Qxg5 40. Qxg5 Nc4 41. Qg6 Rd8 42. Qf7+ Kh8 43. Qh5+ Kg8 44. Qf7+ Kh8 45. Qh5+ Kg8 46. g4 Rxa3 47. Qf7+ Kh8 48. Qh5+ Kg8 49. g5 Rd2 50. Qf7+ Kh7 51. Qxf8 Ne3+ 52. Kh3 Nf5+ 53. Kg4 Rxf2 54. g6+ Kh6 55. Qh8+ Kxg6 56. Qh5+ 1-0

[Event "Stuttgart-chA int"]
[Site "Ditzingen"]
[Date "2010.05.13"]
[Round "1"]
[White "Stanescu, Christian"]
[Black "Lebeda, Timo"]
[Result "1/2-1/2"]
[WhiteElo "2140"]
[BlackElo "1944"]
[PlyCount "38"]
[EventDate "2010.05.13"]
[EventType "swiss"]
[EventRounds "7"]
[EventCountry "GER"]
[SourceTitle "EXT 2018"]
[Source "ChessBase"]
[SourceDate "2017.10.13"]
[SourceVersion "1"]
[SourceVersionDate "2017.10.13"]
[SourceQuality "1"]

1. c4 f5 2. Nf3 Nf6 3. g3 g6 4. Bg2 Bg7 5. 0-0 0-0 6. Nc3 d6 7. d3 c5 8. a3 Nc6 9. Rb1 a5 10. Ne1 Qd7 11. b3 b6 12. Nc2 Bb7 13. b4 axb4 14. axb4 Ra7 15. Bd2 Raa8 16. Nb5 Ra2 17. Nc3 Ra7 18. Nb5 Ra2 19. Nc3 Ra7 1/2-1/2

[Event "GER-ch Net qual4 U14"]
[Site "Playchess.com INT"]
[Date "2009.06.17"]
[Round "4"]
[White "Lebeda, Timo"]
[Black "Marquardt, Patrick"]
[Result "0-1"]
[WhiteElo "1942"]
[BlackElo "1986"]
[PlyCount "86"]
[EventDate "2009.06.17"]
[EventType "swiss (blitz)"]
[EventRounds "7"]
[EventCountry "GER"]
[SourceTitle "CBM 130 Extra"]
[Source "ChessBase"]
[SourceDate "2009.07.02"]
[SourceVersion "2"]
[SourceVersionDate "2009.07.15"]
[SourceQuality "1"]

1. c4 e6 2. Nf3 d5 3. d4 c5 4. cxd5 exd5 5. Nc3 Nc6 6. g3 Nf6 7. Bg2 Be7 8. 0-0 0-0 9. Bf4 Be6 10. Rc1 c4 11. b3 cxb3 12. Qxb3 Qd7 13. Ne5 Nxe5 14. Bxe5 Rfd8 15. Rb1 b6 16. Nb5 Rac8 17. Rfc1 a6 18. Rxc8 Rxc8 19. Nc3 b5 20. e3 Ne4 21. Rc1 Nd2 22. Qc2 Nc4 23. Bf4 b4 24. Na4 Na3 25. Qxc8+ Qxc8 26. Rxc8+ Bxc8 27. Bxd5 Bd7 28. Nc5 Bb5 29. Bc7 Nc4 30. Bb7 a5 31. Bd5 a4 32. Kf1 Nxe3+ 33. Kg1 Nxd5 34. Ba5 Bxc5 35. dxc5 b3 36. axb3 axb3 37. c6 Bxc6 38. Bc3 Nxc3 39. h4 b2 40. Kh2 b1Q 41. Kh3 Bf3 42. g4 Qh1+ 43. Kg3 Ne2# 0-1

[Event "GER-ch U25 op"]
[Site "Willingen"]
[Date "2009.06.04"]
[Round "7"]
[White "Valet, Alexander"]
[Black "Lebeda, Timo"]
[Result "1-0"]
[WhiteElo "1550"]
[BlackElo "1942"]
[PlyCount "71"]
[EventDate "2009.05.30"]
[EventType "swiss"]
[EventRounds "9"]
[EventCountry "GER"]
[SourceTitle "EXT 2010"]
[Source "ChessBase"]
[SourceDate "2010.11.25"]
[SourceVersion "1"]
[SourceVersionDate "2010.11.25"]
[SourceQuality "1"]

1. e4 c5 2. Nf3 d6 3. d4 cxd4 4. Nxd4 Nf6 5. Nc3 a6 6. Be2 e6 7. Be3 Be7 8. 0-0 Nbd7 9. f4 Qc7 10. Bf3 Rb8 11. f5 Ne5 12. fxe6 fxe6 13. Bh5+ g6 14. Be2 b5 15. a3 Bd7 16. Bh6 Rg8 17. Bg5 Rf8 18. Rf2 Qc5 19. Be3 Nc4 20. Bxc4 bxc4 21. Nf5 Qc6 22. Nxe7 Kxe7 23. Qf1 Rf7 24. Kh1 Rbf8 25. Bh6 Ng4 26. Bxf8+ Rxf8 27. Rxf8 Be8 28. Rf3 Qb6 29. Rb1 Qd4 30. Qg1 Qd2 31. Rbf1 Ne5 32. Rh3 h5 33. Qf2 Qg5 34. Qf4 Nf3 35. Rhxf3 Qg4 36. Qxg4 1-0

[Event "GER-ch U25 op"]
[Site "Willingen"]
[Date "2009.06.01"]
[Round "3"]
[White "Rummer, Martin"]
[Black "Lebeda, Timo"]
[Result "1-0"]
[WhiteElo "1589"]
[BlackElo "1942"]
[PlyCount "45"]
[EventDate "2009.05.30"]
[EventType "swiss"]
[EventRounds "9"]
[EventCountry "GER"]
[SourceTitle "EXT 2010"]
[Source "ChessBase"]
[SourceDate "2010.11.25"]
[SourceVersion "1"]
[SourceVersionDate "2010.11.25"]
[SourceQuality "1"]

1. e4 c5 2. Nc3 e6 3. g3 d5 4. e5 Nc6 5. f4 a6 6. Bg2 b5 7. Nf3 Bb7 8. 0-0 d4 9. Ne4 Nh6 10. d3 Be7 11. Nh4 0-0 12. f5 Nxf5 13. Nxf5 exf5 14. Rxf5 Qd7 15. Qf3 Nb4 16. Bh3 Nxc2 17. Rh5 Qc6 18. Bf5 g6 19. Qg4 Nxa1 20. Bg5 gxf5 21. Nf6+ Bxf6 22. Bxf6+ fxg4 23. Rg5# 1-0

[Event "Stuttgart-chA int"]
[Site "Ditzingen"]
[Date "2009.05.21"]
[Round "2"]
[White "Aring, Gerd"]
[Black "Lebeda, Timo"]
[Result "1-0"]
[WhiteElo "2218"]
[BlackElo "1942"]
[PlyCount "101"]
[EventDate "2009.05.21"]
[EventType "swiss"]
[EventRounds "7"]
[EventCountry "GER"]
[SourceTitle "EXT 2018"]
[Source "ChessBase"]
[SourceDate "2017.10.13"]
[SourceVersion "1"]
[SourceVersionDate "2017.10.13"]
[SourceQuality "1"]

1. d4 d5 2. Nf3 Nf6 3. e3 g6 4. c4 c6 5. Nc3 Bg7 6. b3 0-0 7. Bd3 a6 8. a4 Nbd7 9. 0-0 Qc7 10. Ba3 Re8 11. cxd5 cxd5 12. Rc1 Qb8 13. a5 b5 14. axb6 Nxb6 15. Ne5 Qb7 16. Na4 Ne4 17. Bxe4 dxe4 18. Nc5 Qd5 19. Nc4 Rb8 20. Qc2 f5 21. Ra1 Nd7 22. Na4 Bb7 23. Bc5 Bc6 24. Nc3 Qf7 25. Rxa6 Nxc5 26. dxc5 Rec8 27. Nb6 Bxc3 28. Nxc8 Bb5 29. Rb6 Rxb6 30. Nxb6 Bxf1 31. Qxc3 Ba6 32. c6 Qe6 33. h4 Qd6 34. b4 Qd1+ 35. Kh2 Qd6+ 36. g3 g5 37. Qc5 Qh6 38. Qd5+ Kg7 39. Qe5+ Kg8 40. b5 gxh4 41. Qxf5 hxg3+ 42. Kxg3 Bxb5 43. Qxb5 Qg6+ 44. Kh2 Qh6+ 45. Kg3 Qg6+ 46. Kf4 Qf6+ 47. Kxe4 Qe6+ 48. Kd3 Qg6+ 49. Kd2 Qf6 50. c7 Qd6+ 51. Qd5+ 1-0